Articles droit de la famille - Statistiques

Statistiques générales
  • Ce quiz a été pris 95 fois
    36 depuis la dernière actualisation
  • Le résultat moyen est 17 sur 60
Statistiques - réponses
article Contenu de l’article % Correct
161 Interdiction du mariage incestueux
68%
220 Solidarité des dettes
68%
242 Divorce pour faute
64%
229-1 Divorce par consentement mutuel
59%
146 Principe du consentement
55%
147 Monogamie obligatoire
55%
162 Interdiction du mariage en ligne collatérale (frères-sœurs)
55%
212 Devoirs du mariage
55%
515-1 Définition du PACS
55%
180 Nécessité de consentement libre des époux / Nullité du mariage si erreur sur la personne
50%
215 Devoir de communauté de vie
50%
515-8 Définition de concubinage
50%
213 Direction morale et matérielle de la famille par les époux
45%
230 Divorce par consentement mutuel judiciaire
45%
237 Divorce pour altération définitive du lien conjugal
45%
145 Dispense de majorité par le Procureur de la République
41%
163 Interdiction du mariage entre neveu, nièce et tante, oncle
41%
515-7 Dissolution du PACS
41%
171 Mariage posthume
36%
266 Réparation par dommages et intérêts des préjudices liés à la rupture
36%
144 Principe de la majorité
32%
214 Obligation de participer aux charges du mariage
32%
515-4 Devoir de communauté de vie, d’assistance et solidarité des dettes dans le PACS
32%
233 Divorce accepté
27%
271 Prestation compensatoire
27%
515-2 Empêchements au PACS (inceste / mariage en cours / pacs en cours)
27%
75 Déplacement de l’officier de l’état civil au domicile de la personne ou à l’hôpital pour un mariage in extremis
27%
1088 Les ex-fiancés doivent restituer ce qui leur a été donné en faveur du mariage
23%
148 Dispense du principe de majorité si accord des parents
23%
21-2 Possibilité d’acquérir la nationalité française après un délai de 4 ans après le mariage
23%
311-1 Possession d’état
23%
312 Présomption de paternité du mari
23%
460 Le tuteur, curateur est informé du projet de mariage
23%
515-3 Conditions de forme du PACS
23%
74 Mairie compétente pour célébrer le mariage
23%
184 Les cas de nullité absolue du mariage
18%
21-1 Le mariage n’a pas d’effet sur la nationalité
18%
244 Rejet du divorce par réconciliation des époux
18%
270 Fin du devoir de secours entre époux après le divorce
18%
310-2 Exception de l’établissement de la filiation pour filiation incestueuse
18%
321 Délai de 10 ans pour faire une action en filiation (délai suspendu pour l’enfant pendant sa minorité)
18%
515-5 Régime par défaut du PACS : la séparation de biens
18%
143 Liberté matrimoniale
14%
245 Rejet du divorce du fait des fautes du demandeur
14%
299 La fin du devoir de cohabitation de la séparation des corps
14%
326 Droit à l’accouchement sous X
14%
63 Audition des époux par l’officier d’état civil
14%
305 Reprise de la vie commune et fin de la séparation des corps
9%
343 Adoption par un couple
9%
343-1 Adoption individuelle
9%
225-1 Possibilité de porter un nom d’usage
5%
296 Séparation des corps
5%
316 et s. Reconnaissance de la filiation
5%
344 Conditions pour être adopté
5%
763 Droit au logement du conjoint survivant
5%
767 Devoir de secours qui pèse sur l’époux même après la mort
5%
342-9 et s. PMA
0%
361 Interdiction de mariage liées à l’adoption
0%
370 et s. Adoption de l’enfant du conjoint
0%
757 Droits successoraux du conjoint survivant
0%
Aucun quiz correspondant
Distribution des résultats
% des personnes avec chaque résultat
Percentile par nombre de réponses
Votre historique - résultats
Vous n’avez pas pris ce quiz depuis la dernière actualisation